خاک پروانہ / (Record no. 173520)

MARC details
000 -LEADER
fixed length control field 00487nam a22001817a 4500
005 - DATE AND TIME OF LATEST TRANSACTION
control field 20200302105949.0
010 ## - LCCN (DPL NO)
LC control number A-374603
020 ## - INTERNATIONAL STANDARD BOOK NUMBER
Terms of availability 15.00
035 ## - SYSTEM CONTROL NUMBER
System control number A-374603
037 ## - SOURCE OF ACQUISITION
Source of stock number/acquisition Cen Lib/Ret
082 ## - DEWEY DECIMAL CLASSIFICATION NUMBER
Classification number ک
100 ## - MAIN ENTRY--PERSONAL NAME
Personal name منشی پریم چند
245 ## - TITLE STATEMENT
Title خاک پروانہ /
Statement of responsibility, etc منشی پریم چند
246 ## - VARYING FORM OF TITLE
Title proper/short title Khaak Parwana (urdu) /
Remainder of title by Munshi Prem Chand
260 ## - PUBLICATION, DISTRIBUTION, ETC. (IMPRINT)
Place of publication, distribution, etc Amritsar
Name of publisher, distributor, etc Azad Book Depot
300 ## - PHYSICAL DESCRIPTION
Extent 192p.
Dimensions 18cm(Hb)
942 ## - ADDED ENTRY ELEMENTS (KOHA)
Source of classification or shelving scheme Dewey Decimal Classification
Item type Urdu Bks
Classification part ک
Call number suffix پ ر ے
Holdings
Withdrawn status Lost status Not for loan Collection code Home library Current library Date acquired Source of acquisition Cost, normal purchase price Full call number Barcode Copy number Cost, replacement price Koha item type
      Fiction Central Library Central Library 02/03/2020 BPPD/Ven. 15.00 ک پ ر ے A-374603 1 15.00 Urdu Bks

© Delhi Public Library
Hit Counter
free hit counter